| 000 | 00587nam a22001577a 4500 | ||
|---|---|---|---|
| 008 | 151208b xxu||||| |||| 00| 0 eng d | ||
| 050 | _aBX1682.N5.K96 | ||
| 100 |
_aKunuba Agatha Chukwufumanya _921277 |
||
| 245 |
_aEcumenism in mission _bthe Nigerian experience since vstican 2 and the WCC uppsala assembly (1968) _c/by Knuba Agatha Chukwufumnanya |
||
| 260 |
_aRomae _bPontificia Universitas Urbaniana _c2008 |
||
| 300 |
_aix, 203p. ; _c25cm. |
||
| 500 | _aThesis | ||
| 650 |
_aCatholic church in Nigeria _921278 |
||
| 650 |
_aEcumenism _zNigeria _921279 |
||
| 942 |
_2lcc _cMONOGRAPH |
||
| 999 |
_c123861 _d123861 |
||